Filosofía y tecnología

保存先:
書誌詳細
主要な著者: Mitcham, Carl (autor), Mackey, Robert (著者)
フォーマット: 図書
言語:スペイン語
出版事項: Madrid Ediciones Encuentro 2004
版:1a. ed
シリーズ:Filosofía
主題:
タグ: タグ追加
タグなし, このレコードへの初めてのタグを付けませんか!

MARC

LEADER 00000cam a2200000 a 4500
001 UCD3389
003 CL-VaPUC
008 160603e20040000sp |||||||||||||||||spa|d
020 |a 8474907314 
082 0 4 |a 601  |b MIT  |2 21 
100 |a Mitcham, Carl  |e autor  |9 604738 
700 0 |a Mackey, Robert  |e author  |9 586838 
245 1 0 |a Filosofía y tecnología 
250 |a 1a. ed 
300 |a 527 p 
942 |c BK 
945 |d 20160603 11:43:00  |a arojas 
260 |a Madrid  |b Ediciones Encuentro  |c 2004 
650 0 |a Tecnología  |9 256742 
650 0 |a Filosofía de las ciencias  |9 256466 
650 7 |a DESARROLLO TECNOLOGICO  |2 CL-VaPUC  |9 259800 
583 |a last modification  |c 20160603 11:43:00  |k Rodrigo Vera 
490 0 |a Filosofía 
999 |c 364425  |d 364423 
952 |0 0  |1 0  |3 erb  |4 0  |6 601_000000000000000_MIT_2004  |7 0  |8 A  |9 477599  |a FDOPOS  |b FDOPOS  |i 5289068  |o 601 MIT 2004  |p 5289068  |r 2025-01-22  |w 2019-11-24  |y BK  |z Catalogado en:20160603  |k MED